André Chénier relu par Sainte-Beuve dans Vie, poésies et pensées de Joseph Delorme (notice n° 1654547)

détails MARC
000 -LEADER
fixed length control field 01657cam a2200157 4500500
005 - DATE AND TIME OF LATEST TRANSACTION
control field 20260208005942.0
041 ## - LANGUAGE CODE
Language code of text/sound track or separate title fre
042 ## - AUTHENTICATION CODE
Authentication code dc
100 10 - MAIN ENTRY--PERSONAL NAME
Personal name O’Dea, Michael
Relator term author
245 00 - TITLE STATEMENT
Title André Chénier relu par Sainte-Beuve dans Vie, poésies et pensées de Joseph Delorme
260 ## - PUBLICATION, DISTRIBUTION, ETC.
Date of publication, distribution, etc. 2009.<br/>
500 ## - GENERAL NOTE
General note 86
520 ## - SUMMARY, ETC.
Summary, etc. Cet article revient sur la place exceptionnelle réservée à André Chénier par Sainte-Beuve dans Vie, Poésies et Pensées de Joseph Delorme (1829). Si l’éloge de la souplesse du vers de Chénier trouve facilement un écho chez le lecteur moderne, l’admiration que Sainte-Beuve manifeste pour le vocabulaire du poète peut surprendre. Chénier serait-il vraiment le poète du pittoresque, le fondateur méconnu de l’école moderne de 1829 ? Un bref retour sur l’œuvre de quelques contemporains et proches prédécesseurs suggère que Chénier n’innove pas radicalement dans le domaine lexical, où une évolution graduelle est en cours depuis le milieu du XVIIIe siècle. Sa force serait plutôt dans l’efficacité des quelques touches « pittoresques » qu’il se permet, habilement employées au milieu de termes abstraits et nobles pour mieux les mettre en relief. Le propos de Sainte-Beuve trouve sans doute sa raison dans les polémiques de sa propre époque, mais par son caractère excessif il aide à préciser la véritable démarche du poète qu’il admire.
786 0# - DATA SOURCE ENTRY
Note Revue d'histoire littéraire de la France | 109 | 1 | 2009-02-17 | p. 101-119 | 0035-2411
856 41 - ELECTRONIC LOCATION AND ACCESS
Uniform Resource Identifier <a href="https://shs.cairn.info/revue-d-histoire-litteraire-de-la-france-2009-1-page-101?lang=fr&redirect-ssocas=7080">https://shs.cairn.info/revue-d-histoire-litteraire-de-la-france-2009-1-page-101?lang=fr&redirect-ssocas=7080</a>

Pas d'exemplaire disponible.

PLUDOC

PLUDOC est la plateforme unique et centralisée de gestion des bibliothèques physiques et numériques de Guinée administré par le CEDUST. Elle est la plus grande base de données de ressources documentaires pour les Étudiants, Enseignants chercheurs et Chercheurs de Guinée.

Adresse

627 919 101/664 919 101

25 boulevard du commerce
Kaloum, Conakry, Guinée

Réseaux sociaux

Powered by Netsen Group @ 2025